| 000 | 004510000a22001690004500 | ||
|---|---|---|---|
| 003 | MACL | ||
| 005 | 20151219133746.0 | ||
| 008 | 151219b xxu||||| |||| 00| 0 eng d | ||
| 040 |
_aMACL _cMACL |
||
| 041 | _aEnglish | ||
| 082 | _a321.03/LAP | ||
| 100 |
_aLapping, Brian _921350 |
||
| 245 |
_aEnd of Empire _bBased on The Television Series |
||
| 260 |
_bGranada Publishing Ltd _c1985 |
||
| 650 |
_aPolitical Science _988 |
||
| 942 |
_cBK _k321.03/LAP _2ddc |
||
| 999 |
_c40154 _d40154 |
||